गड़गड़ गुडुगुडु / (Record no. 62769)
[ view plain ]
| 000 -LEADER | |
|---|---|
| fixed length control field | 01102nam a22002057a 4500 |
| 005 - DATE AND TIME OF LATEST TRANSACTION | |
| control field | 20120214164621.0 |
| 020 ## - INTERNATIONAL STANDARD BOOK NUMBER | |
| International Standard Book Number | 8181461347 |
| Terms of availability | 65.00 |
| 082 ## - DEWEY DECIMAL CLASSIFICATION NUMBER | |
| Classification number | क |
| 100 ## - MAIN ENTRY--PERSONAL NAME | |
| Personal name | रघुनाथ, जीवा |
| 245 ## - TITLE STATEMENT | |
| Title | गड़गड़ गुडुगुडु / |
| Statement of responsibility, etc | जीवा रघुनाथ;जयंति मनोकरन द्वारा चित्रांकित;संध्या राव द्वारा अनुदित |
| 260 ## - PUBLICATION, DISTRIBUTION, ETC. (IMPRINT) | |
| Place of publication, distribution, etc | चैन्नई |
| Name of publisher, distributor, etc | तूलिका पब्लिशिंग |
| Date of publication, distribution, etc | 2005 |
| 270 ## - ADDRESS | |
| Address | 13 पृथ्वी ऐवन्यू, अभिरमपुरम |
| City | चैन्नई |
| Postal code | 600018 |
| 300 ## - PHYSICAL DESCRIPTION | |
| Extent | अ.पृ. |
| Other physical details | सचित्र |
| Dimensions | 22सेमी (अजिल्द) |
| 500 ## - GENERAL NOTE | |
| General note | तमिलनाड की एक लोक कथा |
| 700 ## - ADDED ENTRY--PERSONAL NAME | |
| Personal name | जयंति मनोकरन |
| 9 (RLIN) | 41870 |
| 700 ## - ADDED ENTRY--PERSONAL NAME | |
| 9 (RLIN) | 41871 |
| Personal name | राव, संध्या |
| 700 ## - ADDED ENTRY--PERSONAL NAME | |
| 9 (RLIN) | 41872 |
| 942 ## - ADDED ENTRY ELEMENTS (KOHA) | |
| Source of classification or shelving scheme | Dewey Decimal Classification |
| Item type | Children Books |
| Classification part | क |
| Call number suffix | जीवार |
| Withdrawn status | Lost status | Not for loan | Home library | Current library | Date acquired | Cost, normal purchase price | Full call number | Cost, replacement price | Koha item type |
|---|---|---|---|---|---|---|---|---|---|
| Ordered | Andrews Gunj | Andrews Gunj | 14/02/2012 | 65.00 | क जीवार | 65.00 | Children Books |
